| 000 | 00408nam a22001337a 4500 | ||
|---|---|---|---|
| 008 | 230221b |||||||| |||| 00| 0 eng d | ||
| 040 |
_aNational Science Library _cNational Science Library |
||
| 080 |
_a624(08) _bK4 |
||
| 245 |
_aTransactions of the American society of civil engineers _c/ The Society |
||
| 260 |
_aLondon: _bThe Society, _c1964 |
||
| 300 | _a1006p. | ||
| 650 | _aScience | ||
| 942 |
_2udc _cBK |
||
| 999 |
_c47018 _d47018 |
||